[Event "XIX Corsicoscacchi Magistrale"]
[Site "Corsico ITA"]
[Date "1999.10.10"]
[Round "6"]
[White "Pace, Roberto"]
[Black "Mazzini, Antonio"]
[Result "0-1"]
[WhiteElo "2050"]
[BlackElo "2140"]
[PlyCount "68"]
[EventDate "1999.10.02"]

1.e4 c5 2.Nf3 d6 3.d4 cxd4 4.Nxd4 Nf6 5.Nc3 a6 6.Be2 e5 7.Nb3 Be7 8.Be3 
Be6 9.Bf3 O-O 10.g4 Nc6 11.Rg1 Na5 12.Nxa5 Qxa5 13.Qd2 Rfc8 14.Kf1 Qb4 15.
Rb1 Qc4+ 16.Be2 Nxe4 17.Nxe4 Qxe4 18.Rc1 Rc6 19.b3 d5 20.Qd1 Qb4 21.Rg3 
Rac8 22.Rh3 Bc5 23.Bd2 Qe4 24.Kg1 Qg6 25.c3 f5 26.Rh5 fxg4 27.Rxe5 Bxf2+ 
28.Kh1 h5 29.Bf4 d4 30.Bd3 Qf7 31.Rxe6 Qxe6 32.Bc4 Rxc4 33.Kg2 Rxc3 34.
Rxc3 Rxc3 0-1

[Event "XIX Corsicoscacchi Magistrale"]
[Site "Corsico ITA"]
[Date "1999.10.10"]
[Round "6"]
[White "Pulito, Alberto"]
[Black "Radice, Luca"]
[Result "1-0"]
[WhiteElo "2097"]
[BlackElo "2017"]
[PlyCount "81"]
[EventDate "1999.10.02"]

1.e4 e6 2.d4 d5 3.e5 c5 4.c3 Nc6 5.Nf3 Qb6 6.a3 cxd4 7.cxd4 Nh6 8.Nc3 Nf5 
9.Na4 Qd8 10.Be3 Bd7 11.b4 Be7 12.Bd3 g5 13.h3 h5 14.Qb3 Nh4 15.Nxh4 gxh4 
16.O-O-O Bg5 17.Bc2 Rg8 18.Nc5 b6 19.Nb7 Qc7 20.Nd6+ Kf8 21.Bxg5 Rxg5 22.
Qe3 Qd8 23.g4 Rg7 24.Rhg1 Qg5 25.f4 Qh6 26.g5 Qh8 27.f5 exf5 28.Bxf5 Bxf5 
29.Nxf5 Rc8 30.Kb2 Rg6 31.Nd6 Rd8 32.Qf4 Qg7 33.Nf5 Qh8 34.Nxh4 Qg7 35.
Nxg6+ Qxg6 36.Rgf1 Rd7 37.Qf6 Ne7 38.Qxg6 Nxg6 39.Rc1 Ke7 40.Rf6 h4 41.e6 
1-0

[Event "XIX Corsicoscacchi Magistrale"]
[Site "Corsico ITA"]
[Date "1999.10.10"]
[Round "6"]
[White "Ubezio, Marco"]
[Black "Barberi, Alessandro"]
[Result "1-0"]
[WhiteElo "2196"]
[BlackElo "2180"]
[PlyCount "45"]
[EventDate "1999.10.02"]

1.d4 Nf6 2.Bg5 Ne4 3.Bf4 d5 4.e3 e6 5.Bd3 Bd6 6.Bg3 b6 7.Bxe4 dxe4 8.Qg4 
O-O 9.Qxe4 c6 10.Nf3 f5 11.Qd3 Ba6 12.Qb3 Re8 13.Nbd2 c5 14.dxc5 Bxg3 15.
hxg3 Nd7 16.c6 Nc5 17.Qa3 Qf6 18.Nb3 Bc4 19.Nxc5 bxc5 20.O-O-O Rab8 21.c7 
Rb7 22.Rd7 Rc8 23.Qc3 1-0

[Event "Weekend A"]
[Site "Castelpasserino - Rivoli ITA"]
[Date "1999.10.??"]
[Round "?"]
[White "Faraoni, Enrico"]
[Black "Vujovic, Milorad"]
[Result "0-1"]
[WhiteElo "2184"]
[BlackElo "2258"]
[PlyCount "68"]
[EventDate "1999.10.16"]

1. f4 d5 2. Nf3 Nf6 3. g3 g6 4. Bg2 Bg7 5. d3 O-O 6. O-O b6 7. Nc3 Bb7 8. Ne5
Nbd7 9. e4 dxe4 10. Nxd7 Nxd7 11. Nxe4 Nc5 12. Qe2 Nxe4 13. dxe4 Qd4+ 14. Kh1
Rad8 15. a4 a5 16. Ra3 Rd7 17. e5 Bxg2+ 18. Qxg2 Rfd8 19. Raf3 Qxa4 20. f5 Rd1
21. fxg6 Rxf1+ 22. Rxf1 hxg6 23. e6 fxe6 24. Bf4 Qc4 25. b3 Qc5 26. c4 e5 27.
Bc1 a4 28. Qe4 axb3 29. Qxg6 Qxc4 30. Kg1 Rf8 31. Rxf8+ Kxf8 32. Qf5+ Ke8 33.
Qc8+ Kf7 34. Qf5+ Bf6 0-1

[Event "Weekend A"]
[Site "Castelpasserino - Rivoli ITA"]
[Date "1999.10.??"]
[Round "3"]
[White "D'Ingiullo, Roberto"]
[Black "Faraoni, Enrico"]
[Result "0-1"]
[WhiteElo "1822"]
[BlackElo "2184"]
[PlyCount "26"]
[EventDate "1999.10.16"]

1. e4 e5 2. Nf3 f5 3. d4 fxe4 4. Nxe5 Nf6 5. Nc3 d6 6. Nc4 c6 7. a4 d5 8. Ne3
Bd6 9. Be2 O-O 10. O-O Na6 11. f3 Qc7 12. h3 Nh5 13. fxe4 Bh2+ 0-1

[Event "I Festival A"]
[Site "Vanzaghello ITA"]
[Date "1999.09.23"]
[Round "1"]
[White "Barlocco, Carlo"]
[Black "Rossi, Giampiero"]
[Result "1-0"]
[WhiteElo "2161"]
[BlackElo "2020"]
[PlyCount "51"]
[EventDate "1999.09.23"]

1. e4 c5 2. Nf3 e6 3. d4 cxd4 4. Nxd4 a6 5. g3 Nf6 6. Bg2 Be7 7. O-O Qc7 8. Re1
d6 9. b3 O-O 10. Bb2 Bd7 11. c4 Nc6 12. Nc3 Rfc8 13. Rc1 Ne5 14. f4 Ng6 15. Kh1
Rab8 16. Qd3 Qa5 17. Qe2 b5 18. e5 Ne8 19. exd6 Nxd6 20. cxb5 axb5 21. h4 b4
22. Na4 Nf5 23. Nxf5 Qxf5 24. Qe4 Qa5 25. Qd4 Bf6 26. Qxd7 1-0

[Event "I Festival A"]
[Site "Vanzaghello ITA"]
[Date "1999.09.23"]
[Round "1"]
[White "Bianchi, Alberto"]
[Black "Sgnaolin, Davide"]
[Result "1/2-1/2"]
[WhiteElo "1903"]
[BlackElo "2135"]
[PlyCount "54"]
[EventDate "1999.09.23"]

1. Nf3 d5 2. g3 Nf6 3. Bg2 c6 4. d4 Bg4 5. Ne5 Bf5 6. O-O e6 7. c4 Nbd7 8. cxd5
exd5 9. Nxd7 Qxd7 10. Bf4 Be7 11. Nd2 O-O 12. Nf3 c5 13. dxc5 Bxc5 14. Be5 Ne4
15. Bd4 Rac8 16. Rc1 b6 17. a3 a5 18. Ne5 Qb5 19. Bxc5 Rxc5 20. Rxc5 Qxc5 21.
Nf3 Nf6 22. Nd4 Be4 23. e3 Rc8 24. Bh3 Rc7 25. Bf5 Bxf5 26. Nxf5 b5 27. Qd4
Qxd4 1/2-1/2

[Event "I Festival A"]
[Site "Vanzaghello ITA"]
[Date "1999.09.23"]
[Round "1"]
[White "Drabke, Lorenz Maximilian"]
[Black "Gagliardi, Christian"]
[Result "1-0"]
[WhiteElo "2102"]
[BlackElo "1891"]
[PlyCount "41"]
[EventDate "1999.09.23"]

1. g3 Nf6 2. Bg2 g6 3. c4 Bg7 4. Nc3 d6 5. Nf3 O-O 6. O-O e5 7. d3 c6 8. e4 Na6
9. h3 Nc5 10. Be3 Nfd7 11. d4 exd4 12. Nxd4 Ne5 13. b3 Qa5 14. Qc2 Ne6 15. Nde2
c5 16. Qd2 Nc6 17. Bh6 Ned4 18. Bxg7 Kxg7 19. Nxd4 Nxd4 20. Qd3 Qxc3 21. Qxc3
1-0

[Event "I Festival A"]
[Site "Vanzaghello ITA"]
[Date "1999.09.23"]
[Round "1"]
[White "Everet, Alexandro"]
[Black "Pace, Roberto"]
[Result "1-0"]
[WhiteElo "2294"]
[BlackElo "2050"]
[PlyCount "77"]
[EventDate "1999.09.23"]

1. d4 Nf6 2. c4 e6 3. Nc3 Bb4 4. Qc2 c5 5. e3 d5 6. dxc5 Nc6 7. Bd2 Bxc5 8. Na4
Be7 9. c5 Bd7 10. Nf3 Ne4 11. Bd3 Nxd2 12. Qxd2 e5 13. Bc2 Bg4 14. b4 e4 15.
Nd4 Nxd4 16. exd4 O-O 17. Bb3 Bg5 18. Qb2 Be6 19. Nc3 f5 20. a4 Qd7 21. Qa2
Rad8 22. Nb5 b6 23. Rd1 Be7 24. Rc1 Rc8 25. Nc3 Rfd8 26. O-O Bf8 27. f3 Bf7 28.
fxe4 fxe4 29. Rxf7 Kxf7 30. Bxd5+ Kg6 31. Bxe4+ Kh6 32. Rd1 Qg4 33. Rd3 Qf4 34.
Qe6+ g6 35. Rh3+ Kg5 36. Rg3+ Kh6 37. Rxg6+ Kh5 38. Qh3+ Qh4 39. Qf5+ 1-0

[Event "I Festival A"]
[Site "Vanzaghello ITA"]
[Date "1999.09.23"]
[Round "1"]
[White "Sala, Gianni"]
[Black "Adinolfi, Vincenzo"]
[Result "0-1"]
[WhiteElo "2048"]
[BlackElo "2187"]
[PlyCount "62"]
[EventDate "1999.09.23"]

1. e4 c5 2. Nf3 Nc6 3. d4 cxd4 4. Nxd4 g6 5. Be3 Bg7 6. Nc3 Nf6 7. Bc4 O-O 8.
Qd2 Ng4 9. Nxc6 bxc6 10. Bd4 Ne5 11. Bb3 d6 12. f4 Nd7 13. Bxg7 Kxg7 14. O-O-O
Nc5 15. Bc4 Qb6 16. f5 f6 17. g4 Rb8 18. Bb3 a5 19. Qd4 Qb4 20. a3 Qxd4 21.
Rxd4 Rxb3 22. Na4 Rb5 23. Nc3 Rb8 24. h4 Ba6 25. h5 g5 26. h6+ Kf7 27. b4 axb4
28. axb4 Nd7 29. Nd1 Ne5 30. Nf2 Be2 31. Rg1 Nf3 0-1

[Event "I Festival A"]
[Site "Vanzaghello ITA"]
[Date "1999.09.24"]
[Round "2"]
[White "Adinolfi, Vincenzo"]
[Black "Everet, Alexandro"]
[Result "0-1"]
[WhiteElo "2187"]
[BlackElo "2294"]
[PlyCount "84"]
[EventDate "1999.09.23"]

1. d4 Nf6 2. Nf3 g6 3. g3 Bg7 4. Bg2 O-O 5. O-O d5 6. c4 dxc4 7. Nc3 c6 8. a4
a5 9. e3 Nd5 10. Nd2 Be6 11. Qe2 Nb6 12. Nce4 Bd5 13. f3 f5 14. Nf2 Bf7 15. g4
fxg4 16. Nxg4 Na6 17. Rd1 Qc7 18. Ne4 Kh8 19. Bd2 Nb4 20. Bc3 N4d5 21. f4 Nxc3
22. Nxc3 Nd5 23. Ne5 Bxe5 24. fxe5 Nxc3 25. bxc3 Be6 26. Rab1 Rab8 27. e4 Qc8
28. Rd2 b5 29. d5 cxd5 30. exd5 Qc5+ 31. Kh1 Bf5 32. Rxb5 Rxb5 33. axb5 Bd3 34.
Qe1 Qxb5 35. Rf2 Rxf2 36. Qxf2 Qb1+ 37. Qg1 Kg7 38. d6 exd6 39. exd6 Kf6 40. d7
Ke7 41. Qxb1 Bxb1 42. Bd5 Ba2 0-1

[Event "I Festival A"]
[Site "Vanzaghello ITA"]
[Date "1999.09.24"]
[Round "2"]
[White "Drabke, Lorenz Maximilian"]
[Black "Barlocco, Carlo"]
[Result "0-1"]
[WhiteElo "2102"]
[BlackElo "2161"]
[PlyCount "38"]
[EventDate "1999.09.23"]

1. e4 c5 2. Nf3 e6 3. d4 cxd4 4. Nxd4 Nf6 5. Bd3 Nc6 6. Nxc6 bxc6 7. O-O e5 8.
b3 Bc5 9. Bb2 Qc7 10. Nd2 O-O 11. Kh1 d5 12. f4 Ng4 13. exd5 exf4 14. h3 Ne3
15. Bxh7+ Kxh7 16. Qh5+ Kg8 17. Bxg7 f6 18. Qh8+ Kf7 19. Qh7 Bf5 0-1

[Event "I Festival A"]
[Site "Vanzaghello ITA"]
[Date "1999.09.24"]
[Round "2"]
[White "Gagliardi, Christian"]
[Black "Sala, Gianni"]
[Result "1-0"]
[WhiteElo "1891"]
[BlackElo "2048"]
[PlyCount "61"]
[EventDate "1999.09.23"]

1. e4 e5 2. f4 Bc5 3. Nf3 Nf6 4. fxe5 Nxe4 5. d4 Be7 6. Bd3 d5 7. O-O c5 8. c3
Nc6 9. Be3 Bg4 10. Nbd2 cxd4 11. cxd4 Ng5 12. Qb3 Nxf3+ 13. Nxf3 O-O 14. Rac1
Na5 15. Qc2 h6 16. Qf2 Be6 17. Nd2 Bg5 18. Bxg5 Qxg5 19. Nf3 Qe7 20. b3 Rac8
21. Bb1 Qa3 22. Qd2 Rxc1 23. Rxc1 Nc6 24. Rd1 Ne7 25. Nh4 Rc8 26. Qd3 g6 27.
Qd2 Kh7 28. Rf1 Ng8 29. Qf4 Qe7 30. h3 Qg5 31. Qxf7+ 1-0

[Event "I Festival A"]
[Site "Vanzaghello ITA"]
[Date "1999.09.24"]
[Round "2"]
[White "Pace, Roberto"]
[Black "Bianchi, Alberto"]
[Result "0-1"]
[WhiteElo "2050"]
[BlackElo "1903"]
[PlyCount "67"]
[EventDate "1999.09.23"]

1. e4 e5 2. Nf3 Nc6 3. Bb5 a6 4. Ba4 Nf6 5. Qe2 b5 6. Bb3 Be7 7. O-O O-O 8. c3
d6 9. d4 Bg4 10. d5 Na5 11. Bc2 Nb7 12. a4 Bd7 13. b4 c6 14. dxc6 Bxc6 15. Rd1
Qc7 16. Bb2 bxa4 17. Nbd2 Rfc8 18. Bxa4 a5 19. Bxc6 Qxc6 20. b5 Qc7 21. Nh4 Nc5
22. Nf5 Bf8 23. f3 g6 24. Ne3 Ncd7 25. Rac1 Bh6 26. Kh1 Nb6 27. c4 Nfd7 28. Rc3
Nc5 29. Nd5 Nxd5 30. cxd5 Bxd2 31. Qxd2 Qb6 32. Qh6 Qxb5 33. Bc1 Nd7 34. Re3
0-1

[Event "I Festival A"]
[Site "Vanzaghello ITA"]
[Date "1999.09.24"]
[Round "2"]
[White "Rossi, Giampiero"]
[Black "Sgnaolin, Davide"]
[Result "1/2-1/2"]
[WhiteElo "2020"]
[BlackElo "2135"]
[PlyCount "94"]
[EventDate "1999.09.23"]

1. d4 d5 2. c4 e6 3. Nc3 c5 4. cxd5 exd5 5. Nf3 Nc6 6. e3 Nf6 7. Be2 Be7 8.
dxc5 Bxc5 9. O-O O-O 10. b3 Be6 11. Bb2 Qe7 12. Rc1 Rac8 13. Qd3 a6 14. Qb1
Rfd8 15. Rfd1 Ba7 16. h3 d4 17. exd4 Nxd4 18. Nxd4 Bxd4 19. Bf3 b5 20. Ne2 Bxb2
21. Qxb2 Rxc1 22. Qxc1 Bd5 23. Bxd5 Nxd5 24. Nf4 Nxf4 25. Rxd8+ Qxd8 26. Qxf4
g6 27. Kh2 Kg7 28. Qe5+ Qf6 29. Qe2 Qd4 30. g3 Qc3 31. Kg2 Qc6+ 32. Kh2 Qc5 33.
Kg2 Qd4 34. h4 h5 35. f3 Qc5 36. Qb2+ Kg8 37. Qd2 Qe5 38. Kf2 Kg7 39. Kg2 Qc7
40. Qd4+ Kg8 41. Qd2 a5 42. a3 a4 43. bxa4 bxa4 44. Kf2 Qc4 45. f4 Kg7 46. Qe3
Qc2+ 47. Kf3 Qc4 1/2-1/2

[Event "I Festival A"]
[Site "Vanzaghello ITA"]
[Date "1999.09.25"]
[Round "3"]
[White "Bianchi, Alberto"]
[Black "Adinolfi, Vincenzo"]
[Result "0-1"]
[WhiteElo "1903"]
[BlackElo "2187"]
[PlyCount "72"]
[EventDate "1999.09.23"]

1. Nf3 d5 2. d4 Nf6 3. g3 e6 4. Bg2 c5 5. c4 Nc6 6. cxd5 Nxd5 7. O-O cxd4 8.
Nxd4 Bd7 9. Bxd5 exd5 10. Nc3 Be6 11. Bf4 Be7 12. Ncb5 O-O 13. Nc7 Nxd4 14.
Nxa8 Nb5 15. a4 Nd6 16. Rc1 Qxa8 17. Rc7 Qd8 18. Bxd6 Bxd6 19. Rxb7 Bc5 20. Rb5
Qe7 21. Qd3 Rc8 22. Qf3 a6 23. Rb3 d4 24. Rb7 Qd6 25. b4 Bd5 26. bxc5 Qxc5 27.
Rxf7 Bxf3 28. Rxf3 Re8 29. Rb1 Qc2 30. Rb7 Qxe2 31. Rff7 Qe5 32. Rfd7 d3 33. f4
Qe3+ 34. Kg2 Qe4+ 35. Kh3 d2 36. g4 Qxb7 0-1

[Event "I Festival A"]
[Site "Vanzaghello ITA"]
[Date "1999.09.25"]
[Round "3"]
[White "Everet, Alexandro"]
[Black "Barlocco, Carlo"]
[Result "1-0"]
[WhiteElo "2294"]
[BlackElo "2161"]
[PlyCount "105"]
[EventDate "1999.09.23"]

1. d4 d5 2. c4 c6 3. Nf3 Nf6 4. e3 e6 5. a3 Nbd7 6. Nc3 Bd6 7. Bd2 O-O 8. Qc2
e5 9. cxd5 cxd5 10. Nb5 Bb8 11. Bb4 Re8 12. Rc1 e4 13. Nd2 Nf8 14. Bxf8 Kxf8
15. Qc5+ Kg8 16. Nc7 Bxc7 17. Qxc7 Qxc7 18. Rxc7 Kf8 19. Be2 Re7 20. Rc3 Bg4
21. Bxg4 Nxg4 22. Ke2 Ke8 23. Rhc1 Kd8 24. f3 Nf6 25. fxe4 dxe4 26. Rc5 b6 27.
Rc6 Rb8 28. Nc4 Ne8 29. b4 Rbb7 30. Rc8+ Kd7 31. Ne5+ Rxe5 32. dxe5 Nc7 33. Rh8
h6 34. Rc4 Ne6 35. Rxe4 Rc7 36. Kd2 b5 37. Rb8 Kc6 38. a4 bxa4 39. b5+ Kd5 40.
Rxa4 Nc5 41. Rd8+ Kxe5 42. Re8+ Ne6 43. Ra8 Nc5 44. R4xa7 Nb3+ 45. Ke1 Rc1+ 46.
Kf2 Rc2+ 47. Kg3 Nd2 48. Re8+ Kf6 49. b6 Nf1+ 50. Kh3 Rc4 51. b7 g5 52. g4 Rc2
53. b8=Q 1-0

[Event "I Festival A"]
[Site "Vanzaghello ITA"]
[Date "1999.09.25"]
[Round "3"]
[White "Rossi, Giampiero"]
[Black "Gagliardi, Christian"]
[Result "0-1"]
[WhiteElo "2020"]
[BlackElo "1891"]
[PlyCount "74"]
[EventDate "1999.09.23"]

1. d4 Nf6 2. c4 g6 3. g3 Bg7 4. Bg2 O-O 5. Nc3 d6 6. Nf3 Nbd7 7. O-O c6 8. Qc2
e5 9. Rd1 Qc7 10. b3 Re8 11. h3 a6 12. e3 e4 13. Ne1 d5 14. cxd5 cxd5 15. Nxe4
Qxc2 16. Nxf6+ Nxf6 17. Nxc2 Bf5 18. Ne1 h5 19. Bb2 Rac8 20. Rac1 Bf8 21. Bf1
Ne4 22. Nd3 Ng5 23. Nf4 Nf3+ 24. Kh1 Bc2 25. Nxd5 Red8 26. Nc3 Bxd1 27. Rxd1 b5
28. h4 g5 29. hxg5 Nxg5 30. Be2 b4 31. Na4 Rc2 32. Re1 Ne4 33. Kg1 Nc3 34. Bxc3
bxc3 35. Bxa6 Rxa2 36. Bc4 c2 37. Nc3 Bb4 0-1

[Event "I Festival A"]
[Site "Vanzaghello ITA"]
[Date "1999.09.25"]
[Round "3"]
[White "Sgnaolin, Davide"]
[Black "Drabke, Lorenz Maximilian"]
[Result "0-1"]
[WhiteElo "2135"]
[BlackElo "2102"]
[PlyCount "97"]
[EventDate "1999.09.23"]

1. e4 c5 2. Nf3 e6 3. d4 cxd4 4. Nxd4 a6 5. Nc3 Qc7 6. g3 Bb4 7. Nde2 Nf6 8.
Bg2 Be7 9. h3 d6 10. g4 Nc6 11. a4 O-O 12. O-O Rb8 13. Nd4 Rd8 14. g5 Nd7 15.
Nce2 Nxd4 16. Nxd4 b5 17. axb5 axb5 18. Be3 Ne5 19. b3 Bd7 20. f4 Nc6 21. Ne2
b4 22. f5 Rb5 23. f6 Bf8 24. h4 Be8 25. Nf4 g6 26. Qe2 Ra5 27. Rxa5 Qxa5 28. h5
Qe5 29. Nd3 Qa5 30. Qf2 Rd7 31. Bh3 gxh5 32. Qh4 Ne5 33. Qxh5 Ng6 34. Rf2 Qa1+
35. Bf1 Rb7 36. Rh2 h6 37. Rg2 Kh7 38. Qg4 Rb5 39. Nf2 Bc6 40. Rh2 Re5 41. Rh3
d5 42. Bf4 Nxf4 43. Qxf4 dxe4 44. Ng4 Rf5 45. Qxf5+ exf5 46. Nxh6 Bxh6 47.
Rxh6+ Kg8 48. Rh2 Bb5 49. Rf2 0-1

[Event "I Festival A"]
[Site "Vanzaghello ITA"]
[Date "1999.09.25"]
[Round "4"]
[White "Adinolfi, Vincenzo"]
[Black "Drabke, Lorenz Maximilian"]
[Result "1/2-1/2"]
[WhiteElo "2187"]
[BlackElo "2102"]
[PlyCount "107"]
[EventDate "1999.09.23"]

1. d4 Nf6 2. Nf3 c5 3. e3 e6 4. Bd3 d5 5. O-O Nc6 6. c3 cxd4 7. exd4 Qc7 8. Re1
Be7 9. Bg5 O-O 10. Nbd2 Bd7 11. Ne5 Be8 12. Re3 h6 13. Bh4 Nd7 14. Bxe7 Nxe7
15. Nxd7 Qxd7 16. Qg4 g6 17. Rae1 Kg7 18. Nf3 Qd6 19. Ne5 f6 20. Nf3 Bf7 21. h4
Rae8 22. Nd2 h5 23. Qe2 Qf4 24. g3 Qc7 25. Kg2 Qa5 26. Nb3 Qc7 27. Bb5 Nf5 28.
Rf3 Rd8 29. Bd3 Nd6 30. Re3 b6 31. Nd2 Rde8 32. Bb1 Re7 33. f4 Ree8 34. Qd3 Qd7
35. R3e2 Re7 36. Nf3 Ree8 37. Qd1 Re7 38. Bc2 Qc8 39. Bd3 Be8 40. Qb3 Nc4 41.
Qb4 Rff7 42. Bxc4 dxc4 43. Qd6 Qa6 44. Rxe6 Rxe6 45. Rxe6 Bd7 46. Re7 Qb5 47.
Re2 Bg4 48. Kf2 Qa4 49. a3 Qd1 50. Qd5 Bh3 51. Qe4 Qf1+ 52. Ke3 Bf5 53. Qe8 Bd7
54. Qe4 1/2-1/2

[Event "I Festival A"]
[Site "Vanzaghello ITA"]
[Date "1999.09.25"]
[Round "4"]
[White "Barlocco, Carlo"]
[Black "Bianchi, Alberto"]
[Result "0-1"]
[WhiteElo "2161"]
[BlackElo "1903"]
[PlyCount "100"]
[EventDate "1999.09.23"]

1. d4 Nf6 2. Nf3 g6 3. c4 d5 4. Nc3 Bg7 5. Bg5 Ne4 6. cxd5 Nxg5 7. Nxg5 e6 8.
Qa4+ Bd7 9. Qb3 exd5 10. Qxd5 O-O 11. Nf3 Nc6 12. e3 Ne7 13. Qb3 Be6 14. Qc2
Re8 15. Be2 c6 16. O-O Nf5 17. Rfd1 Qe7 18. Rac1 Rad8 19. Na4 Bc8 20. Bf1 g5
21. g4 Nh6 22. h3 f5 23. h4 gxh4 24. g5 Nf7 25. Bc4 Kh8 26. Bxf7 Qxf7 27. Nxh4
Re4 28. Ng2 Rg4 29. f4 h6 30. Kf2 Kh7 31. Rg1 hxg5 32. Nc3 Qc7 33. Rh1+ Kg8 34.
Rcg1 Be6 35. fxg5 f4 36. Nxf4 Rxf4+ 37. exf4 Qxf4+ 38. Ke1 Qe3+ 39. Ne2 Rxd4
40. Qh7+ Kf8 41. Rf1+ Ke8 42. Qg6+ Kd8 43. Rf6 Re4 44. Rh2 Bxf6 45. Qxf6+ Kc7
46. Qe7+ Kb6 47. Qd8+ Ka6 48. b3 Bd5 49. Qd6 Qc1+ 50. Kf2 Qd2 0-1

[Event "I Festival A"]
[Site "Vanzaghello ITA"]
[Date "1999.09.25"]
[Round "4"]
[White "Gagliardi, Christian"]
[Black "Everet, Alexandro"]
[Result "0-1"]
[WhiteElo "1891"]
[BlackElo "2294"]
[PlyCount "38"]
[EventDate "1999.09.23"]

1. e4 g6 2. d4 d6 3. c4 Bg7 4. Nc3 Nf6 5. Be2 O-O 6. Bg5 c6 7. Qd2 Re8 8. f3
Nbd7 9. O-O-O Qa5 10. Bh6 Bh8 11. g4 b5 12. h4 Nb6 13. cxb5 cxb5 14. Nxb5 Qxa2
15. Qb4 Bxg4 16. fxg4 Nxe4 17. Bd2 Nd5 18. Qa3 Rec8+ 19. Bc3 Ndxc3 0-1

[Event "I Festival A"]
[Site "Vanzaghello ITA"]
[Date "1999.09.25"]
[Round "4"]
[White "Sala, Gianni"]
[Black "Rossi, Giampiero"]
[Result "0-1"]
[WhiteElo "2048"]
[BlackElo "2020"]
[PlyCount "56"]
[EventDate "1999.09.23"]

1. e4 c5 2. Nf3 e6 3. d4 cxd4 4. Nxd4 a6 5. Nc3 Qc7 6. Be2 Nf6 7. O-O Nc6 8.
Be3 Bb4 9. Bd3 Ne5 10. Nde2 Neg4 11. Bf4 Bd6 12. Bxd6 Qxd6 13. Ng3 h5 14. Be2
Qe5 15. h3 h4 16. Bxg4 hxg3 17. Qf3 gxf2+ 18. Rxf2 b5 19. a3 Bb7 20. Re1 O-O-O
21. Rd2 d5 22. Rde2 dxe4 23. Nxe4 Qd4+ 24. Kf1 Nxg4 25. Qxg4 f5 26. Qg6 Bxe4
27. Re3 Qd7 28. Rc3+ Kb8 0-1

[Event "I Festival A"]
[Site "Vanzaghello ITA"]
[Date "1999.09.25"]
[Round "4"]
[White "Sgnaolin, Davide"]
[Black "Pace, Roberto"]
[Result "1-0"]
[WhiteElo "2135"]
[BlackElo "2050"]
[PlyCount "157"]
[EventDate "1999.09.23"]

1. e4 e5 2. Nf3 Nc6 3. Bb5 a6 4. Bxc6 dxc6 5. O-O Bd6 6. d4 exd4 7. Qxd4 Bf8 8.
Qxd8+ Kxd8 9. Rd1+ Ke8 10. Bf4 Nf6 11. Bxc7 Bg4 12. h3 Bh5 13. Nbd2 Rc8 14. Ba5
Be7 15. c4 Nd7 16. Bc3 f6 17. Re1 Kf7 18. Nd4 Rhe8 19. g4 Bg6 20. f4 Kg8 21.
Re2 Bd6 22. Rf1 Nc5 23. f5 Bf7 24. b3 Rcd8 25. N4f3 Nd3 26. e5 fxe5 27. Ne4 Bc7
28. Rd2 Nf4 29. Kh2 Rxd2+ 30. Bxd2 Rd8 31. Bxf4 exf4 32. Nfg5 Rd4 33. Re1 h6
34. Nf3 Rd3 35. Kg2 b6 36. Re2 Kf8 37. Ne1 Rd1 38. Kf2 Be5 39. Rd2 Ra1 40. Nf3
Bc7 41. Nd4 Rh1 42. Nf3 Ke7 43. Kg2 Ra1 44. Nd4 Be8 45. Ne6 Be5 46. Kf3 Rh1 47.
Nxf4 Rf1+ 48. Rf2 Ra1 49. Kg2 Re1 50. Re2 Rxe2+ 51. Nxe2 c5 52. Kf3 Bc6 53. Nf4
Kd7 54. Ne6 Ke7 55. h4 Bd7 56. Nf4 Kf7 57. Nd5 h5 58. Nxb6 Bc6 59. Nd5 hxg4+
60. Kxg4 Bd4 61. Kf4 a5 62. Nd6+ Kf8 63. Nb5 Bf2 64. h5 Be8 65. Ke5 Bxh5 66.
Kd6 Bg4 67. Ke6 g6 68. Nd6 gxf5 69. Nxf5 Bd1 70. Nfe3 Be2 71. Kd6 Ke8 72. Kxc5
Kd7 73. Kb5 Be1 74. Nf5 Bd3 75. Nd4 Bb1 76. a3 Bf2 77. Nc6 Bc2 78. Nxa5 Be1 79.
b4 1-0

[Event "I Festival A"]
[Site "Vanzaghello ITA"]
[Date "1999.09.26"]
[Round "5"]
[White "Barlocco, Carlo"]
[Black "Adinolfi, Vincenzo"]
[Result "1-0"]
[WhiteElo "2161"]
[BlackElo "2187"]
[PlyCount "89"]
[EventDate "1999.09.23"]

1. d4 Nf6 2. Bf4 d6 3. e3 g6 4. h3 Bg7 5. Nf3 Nc6 6. Be2 O-O 7. c4 Nd7 8. Nc3
e5 9. Bh2 f5 10. dxe5 Ndxe5 11. O-O Be6 12. Nd5 Nxf3+ 13. Bxf3 Ne5 14. Be2 c6
15. Nf4 Bf7 16. Qc2 Qe7 17. Rfd1 Rad8 18. Rab1 Rd7 19. b4 a6 20. b5 axb5 21.
cxb5 Ra8 22. a4 Rc7 23. Rbc1 Rac8 24. Qd2 Bf8 25. Qb4 Qf6 26. b6 Rd7 27. Qc3
Bg7 28. Qa3 Qd8 29. a5 Ra8 30. Qb4 c5 31. Qd2 Nc6 32. Bb5 Rxa5 33. Bxc6 Ra2 34.
Qxa2 Bxa2 35. Bxd7 Qxd7 36. Rxc5 Bb3 37. Rc7 Qb5 38. Rxd6 Bf8 39. Rc8 Be6 40.
Rxf8+ Kxf8 41. Nxe6+ Ke7 42. Bg3 h5 43. h4 Qb1+ 44. Kh2 Qa2 45. Nc7 1-0

[Event "I Festival A"]
[Site "Vanzaghello ITA"]
[Date "1999.09.26"]
[Round "5"]
[White "Bianchi, Alberto"]
[Black "Gagliardi, Christian"]
[Result "1/2-1/2"]
[WhiteElo "1903"]
[BlackElo "1891"]
[PlyCount "82"]
[EventDate "1999.09.23"]

1. Nf3 Nf6 2. c4 g6 3. d4 Bg7 4. Nc3 O-O 5. g3 d6 6. Bg2 Nbd7 7. d5 a5 8. O-O
Nc5 9. Nd2 e5 10. Nb3 Nxb3 11. Qxb3 Nd7 12. Be3 b6 13. Rab1 f5 14. f3 Ba6 15.
a4 Qe7 16. Nb5 Nc5 17. Qc2 Bxb5 18. cxb5 Rad8 19. b4 axb4 20. Rxb4 Ra8 21. Bf2
Bh6 22. Rc4 Ra5 23. Ra1 Qf6 24. Ra3 Qf7 25. e4 fxe4 26. fxe4 Raa8 27. Rcc3 Qe7
28. Rf3 Rxf3 29. Bxf3 Qg5 30. Bd1 Qc1 31. Qxc1 Bxc1 32. Bxc5 dxc5 33. Rd3 Bb2
34. Bb3 Bd4+ 35. Kg2 Kg7 36. Rf3 Rf8 37. h4 h6 38. Rxf8 Kxf8 39. Kf3 Ke7 40.
Bc4 Bc3 41. g4 Kf6 1/2-1/2

[Event "I Festival A"]
[Site "Vanzaghello ITA"]
[Date "1999.09.26"]
[Round "5"]
[White "Drabke, Lorenz Maximilian"]
[Black "Everet, Alexandro"]
[Result "0-1"]
[WhiteElo "2102"]
[BlackElo "2294"]
[PlyCount "80"]
[EventDate "1999.09.23"]

1. e4 g6 2. d4 d6 3. Nc3 Bg7 4. Be2 Nc6 5. Be3 e5 6. dxe5 Nxe5 7. f4 Nc6 8. Qd2
Nf6 9. h3 O-O 10. O-O-O Qe7 11. Bf3 Re8 12. g4 Be6 13. Nge2 Rad8 14. Bf2 Bc4
15. Ng3 Qf8 16. h4 d5 17. e5 Nd7 18. Kb1 Ndxe5 19. fxe5 Nxe5 20. Be2 Bxe2 21.
Ngxe2 Nc4 22. Qc1 Rxe2 23. Nxe2 Bxb2 24. Qxb2 Nxb2 25. Kxb2 Qb4+ 26. Ka1 Qxg4
27. Nc3 Qc4 28. Rh3 c5 29. Rhd3 d4 30. R1d2 Re8 31. Ne2 b5 32. Nf4 b4 33. Rf3
Qf1+ 34. Kb2 c4 35. Rxd4 c3+ 36. Kb3 Qb1+ 37. Kc4 Qxa2+ 38. Kxb4 Rb8+ 39. Kc5
Rc8+ 40. Kd6 Qa6+ 0-1

[Event "I Festival A"]
[Site "Vanzaghello ITA"]
[Date "1999.09.26"]
[Round "5"]
[White "Pace, Roberto"]
[Black "Rossi, Giampiero"]
[Result "1-0"]
[WhiteElo "2050"]
[BlackElo "2020"]
[PlyCount "94"]
[EventDate "1999.09.23"]

1. e4 c5 2. Nf3 e6 3. d4 cxd4 4. Nxd4 a6 5. Bd3 Nc6 6. Nf3 Nf6 7. O-O Qc7 8.
Qe2 d6 9. Bd2 Be7 10. c4 O-O 11. Nc3 Bd7 12. Rac1 Ne5 13. Nd4 Rac8 14. b3 Nxd3
15. Qxd3 Qb8 16. f4 b5 17. cxb5 axb5 18. a4 b4 19. Ncb5 d5 20. e5 Ne4 21. Be3
Rxc1 22. Rxc1 Rc8 23. Rc2 Bc5 24. h3 g6 25. Kh2 Kg7 26. Qe2 Qb6 27. Qd3 Rb8 28.
Re2 h5 29. g3 Kh7 30. Kg2 Be8 31. Kf3 Kg7 32. g4 hxg4+ 33. hxg4 Bd7 34. Rh2 Rh8
35. Rxh8 Kxh8 36. Nc2 Qd8 37. g5 Qf8 38. Qf1 Kg8 39. Ncd4 Bxd4 40. Nxd4 Qc8 41.
Qd3 Qc7 42. Nc2 Qc3 43. Qxc3 bxc3 44. Ke2 Ng3+ 45. Kd3 Nf5 46. Kxc3 Kf8 47.
Bc5+ Ke8 1-0

[Event "I Festival A"]
[Site "Vanzaghello ITA"]
[Date "1999.09.26"]
[Round "5"]
[White "Sala, Gianni"]
[Black "Sgnaolin, Davide"]
[Result "0-1"]
[WhiteElo "2048"]
[BlackElo "2135"]
[PlyCount "46"]
[EventDate "1999.09.23"]

1. e4 c5 2. Nf3 Nc6 3. d4 cxd4 4. Nxd4 g6 5. Be3 Nf6 6. Nc3 Bg7 7. Qd2 O-O 8.
Be2 d5 9. Nxc6 bxc6 10. exd5 cxd5 11. Bf3 e6 12. h4 h5 13. Bd4 Qc7 14. Be3 Rb8
15. O-O-O Qa5 16. Bd4 Kh7 17. Kb1 Ba6 18. b3 Qc7 19. Kb2 e5 20. Nxd5 Nxd5 21.
Bxd5 exd4 22. Be4 d3+ 23. c3 Rfc8 0-1